000 00828nam a2200265 a 4500
001 000111711
003 CHAP
005 20220329144225.0
008 150721s2014 mx a |rm |0|||||spa d
010 _a108172
011 _a109144
040 _cCHAP
090 _aTesis
100 1 _aPorras Juárez, Francelia Yanet
_9129648
245 1 0 _aFenología y rendimiento de hortalizas en huertos familiares /
_cpor Francelia Yanet Porras Juárez.
260 _aCocula, Gro. :
_bEl autor,
_c2014.
300 _a67 h. :
_bil.
502 _aTesis (Ing. Agr. Fitotecnista) -- CSAEGRO. Centro de Estudios Profesionales
590 _aE5652GLJ
_b05
_c20150721
_lUCH01
_h1257
650 1 4 _aHuertos familiares
_xRendimiento.
_9129657
650 1 4 _aSombra
_xEfecto en plantas.
_9108539
901 _aBK
942 _cTESIS
942 _n0
999 _c108172
_d108172